[Event "Rio Grande op 22nd"]
[Site "Rio Grande"]
[Date "2022.10.22"]
[Round "7"]
[White "Rocabado, Fernando"]
[Black "Ortiz, Francisco"]
[Result "0-1"]
[WhiteElo "2130"]
[BlackElo "1918"]
[PlyCount "140"]
[EventDate "2022.10.19"]
[EventType "swiss"]
[EventRounds "7"]
[EventCountry "ARG"]
[SourceTitle "EXT 2024"]
[Source "ChessBase"]
[SourceDate "2023.10.10"]
[SourceVersion "1"]
[SourceVersionDate "2023.10.10"]
[SourceQuality "1"]

1. d4 d5 2. Nf3 Nf6 3. c4 c6 4. Nc3 dxc4 5. a4 Bf5 6. e3 e6 7. Bxc4 Bb4 8. 0-0 Nbd7 9. Qe2 0-0 10. e4 Bg6 11. e5 Nd5 12. Ne4 Be7 13. Rd1 Qc7 14. Bg5 f6 15. exf6 gxf6 16. Bh6 Rfe8 17. a5 a6 18. Bd2 Bf8 19. Rdc1 Rad8 20. Ng3 Bd6 21. Qe1 Nf8 22. Ne4 Be7 23. Rab1 Bf7 24. b4 Qb8 25. g3 Ng6 26. h4 Kh8 27. Qd1 Bf8 28. Qb3 Nge7 29. Kf1 Bg6 30. Bd3 Bh5 31. Ng1 Nf5 32. Ne2 Bg7 33. Qb2 Bf3 34. N4c3 Nxc3 35. Bxc3 Ne7 36. Qc2 Nd5 37. Bd2 f5 38. Bg5 Rd7 39. Re1 Qd6 40. Qc4 Nf6 41. Rbd1 Ng4 42. Bf4 Nh2+ 43. Kg1 Bd5 44. Bxd6 Bxc4 45. Kxh2 Bxd3 46. Rxd3 Rxd6 47. Nf4 Bh6 48. Kg2 Kg7 49. Kf3 Kf7 50. Nh3 Red8 51. Rb1 Rxd4 52. Rxd4 Rxd4 53. Ng5+ Bxg5 54. hxg5 Kg6 55. Re1 Rxb4 56. Rxe6+ Kxg5 57. Ke3 Rb5 58. Re7 h5 59. Rg7+ Kf6 60. Rh7 Ke5 61. Re7+ Kd5 62. Kf4 Kc4 63. Rh7 Kb4 64. Rxh5 c5 65. Rxf5 c4 66. Rf8 c3 67. Re8 c2 68. Re1 Kc3 69. g4 Rb1 70. Re3+ Kd2 0-1

[Event "Rio Grande op 22nd"]
[Site "Rio Grande"]
[Date "2022.10.21"]
[Round "6"]
[White "Zapata, Santino"]
[Black "Rocabado, Fernando"]
[Result "0-1"]
[WhiteElo "1486"]
[BlackElo "2130"]
[PlyCount "76"]
[EventDate "2022.10.19"]
[EventType "swiss"]
[EventRounds "7"]
[EventCountry "ARG"]
[SourceTitle "EXT 2024"]
[Source "ChessBase"]
[SourceDate "2023.10.10"]
[SourceVersion "1"]
[SourceVersionDate "2023.10.10"]
[SourceQuality "1"]

1. Nf3 d5 2. g3 Nf6 3. Bg2 c5 4. d3 Nc6 5. 0-0 e5 6. Nbd2 Be7 7. e4 dxe4 8. dxe4 Bg4 9. c3 0-0 10. Re1 h6 11. Qc2 Re8 12. Nf1 Qd7 13. Ne3 Be6 14. Nh4 Rad8 15. Rd1 Qc8 16. Nd5 Rd7 17. Nxe7+ Nxe7 18. f4 Rxd1+ 19. Qxd1 Nc6 20. f5 Bc4 21. b3 Rd8 22. Qe1 Ba6 23. h3 Qd7 24. g4 Qd1 25. Be3 Qxe1+ 26. Rxe1 Rd3 27. c4 b6 28. g5 hxg5 29. Bxg5 Ne8 30. f6 gxf6 31. Bc1 Nb4 32. Bf1 Rd8 33. Re2 Nd6 34. Rd2 Nc6 35. Nf5 Nxf5 36. Rxd8+ Nxd8 37. exf5 Bc8 38. Bd3 Nc6 0-1

[Event "Rio Grande op 22nd"]
[Site "Rio Grande"]
[Date "2022.10.19"]
[Round "2"]
[White "Montes, Francisco"]
[Black "Rocabado, Fernando"]
[Result "0-1"]
[WhiteElo "1826"]
[BlackElo "2130"]
[PlyCount "48"]
[EventDate "2022.10.19"]
[EventType "swiss"]
[EventRounds "7"]
[EventCountry "ARG"]
[SourceTitle "EXT 2024"]
[Source "ChessBase"]
[SourceDate "2023.10.10"]
[SourceVersion "1"]
[SourceVersionDate "2023.10.10"]
[SourceQuality "1"]

1. d4 d5 2. Bf4 Nf6 3. Nc3 Bf5 4. e3 e6 5. Bd3 Bxd3 6. Qxd3 a6 7. Nf3 c5 8. 0-0 Nc6 9. a3 Be7 10. dxc5 Bxc5 11. b4 Be7 12. Ne2 0-0 13. c4 dxc4 14. Qxc4 Rc8 15. Rfd1 Qb6 16. Rac1 Nd5 17. Ne5 Rfd8 18. Qe4 a5 19. Nxc6 Rxc6 20. bxa5 Qxa5 21. Rb1 b5 22. Nd4 Rc4 23. Qf3 Nc3 24. Nc6 Rxc6 0-1

[Event "Trelew Acevedo Cup"]
[Site "Trelew"]
[Date "2018.04.30"]
[Round "6"]
[White "Rocabado, Fernando"]
[Black "Fermin, Agustin Ezequiel"]
[Result "1-0"]
[WhiteElo "2138"]
[BlackElo "1698"]
[PlyCount "25"]
[EventDate "2018.04.27"]
[EventType "swiss"]
[EventRounds "7"]
[EventCountry "ARG"]
[SourceTitle "CBM 184 Extra"]
[Source "ChessBase"]
[SourceDate "2018.06.28"]
[SourceVersion "1"]
[SourceVersionDate "2018.06.28"]
[SourceQuality "1"]

1. d4 d5 2. Nf3 Bf5 3. c4 c6 4. Qb3 Qc7 5. cxd5 cxd5 6. Nc3 e6 7. Bf4 Bd6 8. Nb5 Qa5+ 9. Bd2 Qb6 10. Nxd6+ Qxd6 11. Qxb7 Qc6 12. Qb3 Ne7 13. e4 1-0

[Event "Trelew Acevedo Cup"]
[Site "Trelew"]
[Date "2018.04.29"]
[Round "3"]
[White "Tisera, Nicolas"]
[Black "Rocabado, Fernando"]
[Result "1-0"]
[WhiteElo "2080"]
[BlackElo "2138"]
[PlyCount "69"]
[EventDate "2018.04.27"]
[EventType "swiss"]
[EventRounds "7"]
[EventCountry "ARG"]
[SourceTitle "CBM 184 Extra"]
[Source "ChessBase"]
[SourceDate "2018.06.28"]
[SourceVersion "1"]
[SourceVersionDate "2018.06.28"]
[SourceQuality "1"]

1. d4 d5 2. Nc3 Nf6 3. Bg5 Bf5 4. f3 c6 5. Qd2 Nbd7 6. e3 Qa5 7. a3 e6 8. e4 Bg6 9. Bd3 dxe4 10. Nxe4 Qb6 11. Ne2 Be7 12. 0-0 0-0 13. Kh1 Rfd8 14. Be3 c5 15. Nxf6+ Nxf6 16. Bxg6 hxg6 17. Rfd1 Qc6 18. Qe1 c4 19. c3 Rd5 20. Qf2 Rb5 21. Ng3 Rd8 22. Rd2 g5 23. Re1 g6 24. Rde2 Kg7 25. Bc1 Rh8 26. Rf1 Bd6 27. h3 Bf4 28. Kg1 Qc7 29. Ne4 Bh2+ 30. Kh1 Nh5 31. Bxg5 f5 32. Nc5 Rxc5 33. dxc5 Bg3 34. Qd4+ Kf7 35. Qxh8 1-0

[Event "Douglas IoM op"]
[Site "Douglas"]
[Date "2016.10.01"]
[Round "1"]
[White "Harika, Dronavalli"]
[Black "Rocabado, Fernando"]
[Result "1-0"]
[WhiteElo "2528"]
[BlackElo "2187"]
[PlyCount "47"]
[EventDate "2016.10.01"]
[EventType "swiss"]
[EventRounds "9"]
[EventCountry "IOM"]
[SourceTitle "EXT 2017"]
[Source "ChessBase"]
[SourceDate "2016.10.25"]
[SourceVersion "1"]
[SourceVersionDate "2016.10.25"]
[SourceQuality "1"]

1. e4 e6 2. d4 d5 3. Nd2 c5 4. exd5 Qxd5 5. Ngf3 cxd4 6. Bc4 Qd7 7. 0-0 Nc6 8. Nb3 Nf6 9. Qe2 a6 10. a4 Bd6 11. Rd1 Qc7 12. Nbxd4 Nxd4 13. Rxd4 h6 14. b3 Bd7 15. Bb2 Bc6 16. Re1 0-0 17. Rh4 Qe7 18. Ne5 Bd5 19. Bd3 Ba3 20. Ba1 Bb4 21. Ng4 Nh7 22. Nxh6+ gxh6 23. Qg4+ Qg5 24. Bxh7+ 1-0

[Event "ARG-ch sf"]
[Site "Vicente Lopez"]
[Date "2016.06.30"]
[Round "7"]
[White "Juarez, Carlos Eleodoro"]
[Black "Rocabado, Fernando"]
[Result "1-0"]
[WhiteElo "2053"]
[BlackElo "2185"]
[PlyCount "83"]
[EventDate "2016.06.25"]
[EventType "swiss"]
[EventRounds "9"]
[EventCountry "ARG"]
[SourceTitle "CBM 173 Extra"]
[Source "ChessBase"]
[SourceDate "2016.08.29"]
[SourceVersion "1"]
[SourceVersionDate "2016.08.29"]
[SourceQuality "1"]

1. e4 e5 2. Nf3 Nc6 3. Bc4 Bc5 4. c3 Nf6 5. d3 d6 6. h3 h6 7. 0-0 0-0 8. Re1 Qe8 9. Bb3 Bd7 10. Nbd2 Rd8 11. Nf1 Bb6 12. Ng3 Ne7 13. Nh4 Be6 14. Bc2 Qd7 15. d4 c6 16. Be3 Ng6 17. Nhf5 Rfe8 18. Qf3 Bxf5 19. Nxf5 Nh7 20. h4 Ne7 21. Ng3 Qe6 22. Bb3 Qf6 23. Qg4 Qg6 24. Qh3 c5 25. dxe5 dxe5 26. a4 Qc6 27. a5 Bc7 28. Ba4 b5 29. axb6 Qxb6 30. Bxe8 Rxe8 31. b4 Bd6 32. Ra4 Rc8 33. Rea1 Nf6 34. Ra6 Qb8 35. b5 g6 36. Rxa7 Kg7 37. c4 h5 38. f3 Rc7 39. R7a6 Rb7 40. Ne2 Qc7 41. Nc3 Nc8 42. Rc6 1-0

[Event "Chubut Province-ch"]
[Site "Chubut"]
[Date "2015.11.29"]
[Round "6"]
[White "Aguilar, Andres"]
[Black "Rocabado, Fernando"]
[Result "1-0"]
[WhiteElo "2232"]
[BlackElo "2200"]
[PlyCount "87"]
[EventDate "2015.11.26"]
[EventType "swiss"]
[EventRounds "7"]
[EventCountry "ARG"]
[SourceTitle "CBM 169 Extra"]
[Source "ChessBase"]
[SourceDate "2015.12.18"]
[SourceVersion "1"]
[SourceVersionDate "2015.12.18"]
[SourceQuality "1"]

1. c4 e5 2. Nc3 Nf6 3. Nf3 Nc6 4. e3 d5 5. cxd5 Nxd5 6. Qc2 Nxc3 7. bxc3 Bd6 8. d4 0-0 9. Rb1 Qe7 10. Be2 Re8 11. 0-0 exd4 12. cxd4 Nb4 13. Qd2 Bf5 14. Rb2 c6 15. Ne5 Nd5 16. Bd3 Bxd3 17. Nxd3 Rad8 18. Qd1 Qc7 19. g3 Nf6 20. Bd2 c5 21. Qb1 b6 22. Rc1 Ne4 23. dxc5 bxc5 24. Rc4 Qe7 25. Ba5 Rd7 26. Qf1 Qe6 27. Ne1 g5 28. f3 Nf6 29. Bd2 h5 30. Kg2 g4 31. e4 gxf3+ 32. Nxf3 Nxe4 33. Be1 Qd5 34. Kg1 Re6 35. Rg2 Rf6 36. g4 h4 37. g5 Rxf3 38. Qxf3 Qxc4 39. Rg4 Qd4+ 40. Kh1 Nd2 41. Qa8+ Bf8 42. Rxd4 Rxd4 43. Bf2 Re4 44. Bxc5 1-0

[Event "ARG-ch U26"]
[Site "Argentina"]
[Date "1997.??.??"]
[Round "?"]
[White "Rocabado, Fernando"]
[Black "Hobaica, Juan Pablo"]
[Result "1-0"]
[WhiteElo "2215"]
[BlackElo "2270"]
[PlyCount "61"]
[EventDate "1997.??.??"]
[EventType "swiss"]
[EventRounds "9"]
[EventCountry "ARG"]
[SourceTitle "EXT 2001"]
[Source "ChessBase"]
[SourceDate "2000.11.22"]
[SourceVersion "1"]
[SourceVersionDate "2000.11.22"]
[SourceQuality "1"]

1. d4 Nf6 2. Nf3 g6 3. c4 Bg7 4. Nc3 0-0 5. e4 d6 6. Be2 e5 7. d5 a5 8. Bg5 h6 9. Bh4 Na6 10. Nd2 Qe8 11. a3 Bd7 12. 0-0 Nh7 13. b3 f5 14. exf5 gxf5 15. Bh5 Qc8 16. Be7 Re8 17. Bxe8 Qxe8 18. Bh4 e4 19. Rc1 Nc5 20. Qe2 Nd3 21. Rc2 Bd4 22. g3 Qg6 23. Kh1 Re8 24. Nb5 Bb6 25. f4 c6 26. Nc3 Ng5 27. fxg5 hxg5 28. Nf3 Nf2+ 29. Rxf2 exf3 30. Qxf3 gxh4 31. Rfe2 1-0